| 000 | 00471nam a22001457a 4500 | ||
|---|---|---|---|
| 082 |
_aP-432(A) _bMaj Zeeshan Bashir |
||
| 100 |
_aMaj Zeeshan Bashir _948149 |
||
| 245 |
_aGraphical Interface and marking of engineer support plan on GIS _cMaj Zeeshan Bashir |
||
| 260 |
_aRisalpur _bMaj Zeeshan Bashir _cc2010 |
||
| 300 | _a63 p. : | ||
| 526 |
_a0 _b0 _c0 _dP_432A_MAJ_ZEESHAN_BASHIR |
||
| 526 |
_a0 _b0 _c0 _dP_432A_MAJ_ZEESHAN_BASHIR |
||
| 650 |
_aMCE _9379 |
||
| 942 |
_2ddc _cBK |
||
| 999 |
_c551172 _d551172 |
||